|
|
|
|
| LEADER |
00642nab a2200181 i 4500 |
| 001 |
acta12981 |
| 005 |
20210610150859.0 |
| 008 |
161015s2008 hu o 0|| eng d |
| 022 |
|
|
|a 1788-5345
|
| 040 |
|
|
|a SZTE Egyetemi Kiadványok Repozitórium
|b hun
|
| 041 |
|
|
|a eng
|
| 100 |
1 |
|
|a Balogh Emőke
|
| 245 |
1 |
4 |
|a The role of berry fruits in Hungary's food processing
|h [elektronikus dokumentum] /
|c Balogh Emőke
|
| 260 |
|
|
|c 2008
|
| 300 |
|
|
|a 33
|
| 490 |
0 |
|
|a Agrár- és vidékfejlesztési szemle
|v 3 No. 1
|
| 695 |
|
|
|a Természettudomány, Agrártudomány
|
| 856 |
4 |
0 |
|u http://acta.bibl.u-szeged.hu/12981/1/agrarszemle_2008_001_033.pdf
|z Dokumentum-elérés
|